000 00770nam a22002057a 4500
005 20100820143850.0
010 _aENG-101125
020 _c100.00
035 _aEN-84658
037 _bDBAD/PUB
082 _a334.088
100 _aDevi, S. Sri
_916861
245 _aParticipation of women in the small scale industries in Tmilnadu /
_cby S. Sri Devi
260 _aChennai
_bAndril Pathippagam
_c2008
270 _a192, Jagajeevan Ram Salai (Bell Road), Chepauk
_bChennai
_e600005
300 _a120 p.
_c21cm (pbk)
500 _aIncludes bibliographical references
942 _2ddc
_cEN
_mDEV
_h334.088
999 _c42725
_d42725